000 00608nam a2200241 i 4500
001 C2-0030029
003 PPAK
005 20190630222025.0
008 970205s1993 enk |||| ||||| | eng d
020 _a1857990269
040 _aPPAK
_beng
_cPPAK
_erda
082 0 4 _a823
_223
090 0 0 _a823
_bBAL
_dG
100 1 _aBallard, J.G.,
_eauthor
245 1 4 _aThe drowned world
264 1 _aLondon :
_bOrion Books ,
_c1993
300 _a175 pages ;
_c20 cm
336 _2rdacontent
_atext
337 _2rdamedia
_aunmediated
338 _2rdacarrier
_avolume
650 1 0 _aEnglish fiction
942 _ddc
_cB
999 _c5588
_d5588